Atraktívna atmosféra trópov

Bibliographic Details
Main Author: Jakábová, Anna, 1943- (Author)
Format: Article
Language:Slovak
PhysicalDescription:Fotogr.
ISSN:0862-5565
Subjects:

MARC

LEADER 00000nab a2200000 ar4500
001 vtls008982027
003 SK-MaSNL
005 20260303065157.0
008 070419c2007 xo |||||||||||000 b|slo
015 |a SNBRB2007/04  |2 snkbucl 
038 |a SNKBUCL 
040 |a SNKBUCL  |b slo  |c SNKBUCL  |e AACR2 
041 0 |a slo 
044 |a xo  |c SK 
080 |a 635.914  |2 1997 
100 1 |a Jakábová, Anna,  |d 1943-  |4 aut  |9 163431 
245 1 0 |a Atraktívna atmosféra trópov  |c Anna Jakábová 
300 |b Fotogr. 
650 0 7 |a kokosová palma  |2 snkbucl  |9 100768 
650 0 7 |a pestovanie okrasných rastlín  |2 snkbucl  |9 3953 
773 0 |t Záhradkár  |g Roč. XLIII, č. 2 (2007), s. 55  |x 0862-5565 
852 |a SNK  |b KIS3GCP 
999 |c 1750156  |d 1752086